<?xml version="1.0" encoding="UTF-8"?>
<record
    xmlns:xsi="http://www.w3.org/2001/XMLSchema-instance"
    xsi:schemaLocation="http://www.loc.gov/MARC21/slim http://www.loc.gov/standards/marcxml/schema/MARC21slim.xsd"
    xmlns="http://www.loc.gov/MARC21/slim">

  <leader>02382nam a2200421Ia 4500</leader>
  <controlfield tag="001">dia_6486</controlfield>
  <controlfield tag="003">CHAP</controlfield>
  <controlfield tag="005">20240509122839.0</controlfield>
  <controlfield tag="007">ta</controlfield>
  <controlfield tag="008">220117s2017    mx ado f      001 0 spa d</controlfield>
  <datafield tag="040" ind1=" " ind2=" ">
    <subfield code="c">CHAP</subfield>
    <subfield code="a">mxchpua</subfield>
  </datafield>
  <datafield tag="090" ind1=" " ind2=" ">
    <subfield code="a">T.C.739 </subfield>
    <subfield code="b">S26 IAI </subfield>
    <subfield code="c">2017</subfield>
  </datafield>
  <datafield tag="245" ind1="1" ind2="0">
    <subfield code="a">Reporte de fase de campo de la materia de Interrelaci&#xF3;n Agricultura-Industria /</subfield>
    <subfield code="c">coordinadora Ofelia Sandoval Castilla ; colaboradores Itzel Abarca Leocadio...[y otros]</subfield>
  </datafield>
  <datafield tag="260" ind1=" " ind2=" ">
    <subfield code="a">M&#xE9;xico :</subfield>
    <subfield code="b">El autor,</subfield>
    <subfield code="c">2017</subfield>
  </datafield>
  <datafield tag="300" ind1=" " ind2=" ">
    <subfield code="a">179 p&#xE1;ginas : </subfield>
    <subfield code="b">ilustraciones, diagramas, tablas, gr&#xE1;ficas, fotos</subfield>
  </datafield>
  <datafield tag="336" ind1=" " ind2=" ">
    <subfield code="2">rdacontent</subfield>
    <subfield code="a">texto</subfield>
    <subfield code="b">txt</subfield>
  </datafield>
  <datafield tag="337" ind1=" " ind2=" ">
    <subfield code="2">rdamedia</subfield>
    <subfield code="a">no mediado</subfield>
    <subfield code="b">n</subfield>
  </datafield>
  <datafield tag="338" ind1=" " ind2=" ">
    <subfield code="2">rdacarrier</subfield>
    <subfield code="a">volumen</subfield>
    <subfield code="b">nc</subfield>
  </datafield>
  <datafield tag="500" ind1=" " ind2=" ">
    <subfield code="a">Grado: 5&#xB0; a&#xF1;o Grupo: 01</subfield>
  </datafield>
  <datafield tag="502" ind1=" " ind2=" ">
    <subfield code="a">Viaje de Estudios </subfield>
    <subfield code="b">(IAI) -- </subfield>
    <subfield code="c">UACh. Departamento de Ingenier&#xED;a Agroindustrial, </subfield>
    <subfield code="d">2017</subfield>
  </datafield>
  <datafield tag="504" ind1=" " ind2=" ">
    <subfield code="a">Bibliograf&#xED;a: p&#xE1;ginas 160-168</subfield>
  </datafield>
  <datafield tag="505" ind1="0" ind2="0">
    <subfield code="a">Empresas visitadas : --
</subfield>
    <subfield code="t">1.Productos Alimenticios Oly  --
2. Centro de Acopio El Ranchito --
3. Centro de Acopio El Capul&#xED;n --
4. Centro de Acopio Tarimoro --
5. Centro de acopio Duces Nombres --
6. Centro de Acopio Lecher&#xED;a 1--
7. Centro de Acopio Las Ca&#xF1;as --
8. Centro de Acopio Emiliano Zapata --
9. F&#xE1;brica de Cajetas La Reyna --
10. La Tradicional de Salgado --
11. Los Chiveros, S.P.R. de R.L. --
12. CAPRINUTRE, S.P.R. de R. L. --
13. Vi&#xF1;edos Azteca, S. A. de C. V. --
14. Vi&#xF1;edo San Patricio --
15. Sala viv&#xE9; By Freixenet --
16. Vi&#xF1;edos La Redonda --
17. Bodegas de Cote Casa Vitivin&#xED;cola --
18. Vi&#xF1;edo Los Rosales</subfield>
  </datafield>
  <datafield tag="650" ind1="1" ind2="3">
    <subfield code="a">Leche de cabra</subfield>
    <subfield code="x">Industria y comercio</subfield>
    <subfield code="9">161606</subfield>
    <subfield code="z">M&#xE9;xico</subfield>
    <subfield code="z">Guanajuato  </subfield>
  </datafield>
  <datafield tag="650" ind1="1" ind2="3">
    <subfield code="a">Industria del vino</subfield>
    <subfield code="9">161605</subfield>
    <subfield code="z">M&#xE9;xico</subfield>
    <subfield code="z">Guanajuato  </subfield>
  </datafield>
  <datafield tag="650" ind1="1" ind2="3">
    <subfield code="a">Industria agr&#xED;cola</subfield>
    <subfield code="9">154273</subfield>
    <subfield code="z">M&#xE9;xico</subfield>
    <subfield code="z">Guanajuato</subfield>
  </datafield>
  <datafield tag="650" ind1="1" ind2="3">
    <subfield code="a">Agricultural industry</subfield>
    <subfield code="9">154272</subfield>
    <subfield code="z">Mexico</subfield>
    <subfield code="z">Guanajuato</subfield>
  </datafield>
  <datafield tag="650" ind1="1" ind2="3">
    <subfield code="a">Goat milk</subfield>
    <subfield code="x">Industry and trade</subfield>
    <subfield code="9">161604</subfield>
    <subfield code="z">M&#xE9;xico</subfield>
    <subfield code="z">Guanajuato </subfield>
  </datafield>
  <datafield tag="650" ind1="1" ind2="3">
    <subfield code="a">Wine industry</subfield>
    <subfield code="9">161607</subfield>
    <subfield code="z">M&#xE9;xico</subfield>
    <subfield code="z">Guanajuato</subfield>
  </datafield>
  <datafield tag="700" ind1="1" ind2=" ">
    <subfield code="a">Sandoval Castilla, Ofelia</subfield>
    <subfield code="9">151810</subfield>
    <subfield code="e">coordinadora</subfield>
  </datafield>
  <datafield tag="700" ind1="1" ind2=" ">
    <subfield code="a">Abarca Leocadio, Itzel</subfield>
    <subfield code="9">150531</subfield>
    <subfield code="e">colaboradora</subfield>
  </datafield>
  <datafield tag="856" ind1="4" ind2="2">
    <subfield code="u">http://10.13.5.2/ve/TC739IAI/TC739IAI2017-REPORTE.pdf</subfield>
    <subfield code="y">DESCARGAR REPORTE</subfield>
  </datafield>
  <datafield tag="901" ind1=" " ind2=" ">
    <subfield code="a">T.C.739 S26 IAI 2017</subfield>
  </datafield>
  <datafield tag="902" ind1=" " ind2=" ">
    <subfield code="a">M</subfield>
  </datafield>
  <datafield tag="905" ind1=" " ind2=" ">
    <subfield code="a">5232272017                          mx nmdl8223123322spa16</subfield>
  </datafield>
  <datafield tag="942" ind1=" " ind2=" ">
    <subfield code="2">local</subfield>
  </datafield>
  <datafield tag="942" ind1=" " ind2=" ">
    <subfield code="c">VE</subfield>
  </datafield>
  <datafield tag="999" ind1=" " ind2=" ">
    <subfield code="c">177592</subfield>
    <subfield code="d">177592</subfield>
  </datafield>
  <datafield tag="952" ind1=" " ind2=" ">
    <subfield code="0">0</subfield>
    <subfield code="1">0</subfield>
    <subfield code="2">local</subfield>
    <subfield code="4">0</subfield>
    <subfield code="5">1</subfield>
    <subfield code="7">0</subfield>
    <subfield code="8">VE</subfield>
    <subfield code="a">IA_</subfield>
    <subfield code="b">IA_</subfield>
    <subfield code="d">2022-01-18</subfield>
    <subfield code="e">El autor</subfield>
    <subfield code="l">0</subfield>
    <subfield code="o">T.C.739 S26 IAI 2017</subfield>
    <subfield code="p">1106010535</subfield>
    <subfield code="r">2022-01-18 00:00:00</subfield>
    <subfield code="t">Ej.2</subfield>
    <subfield code="w">2022-01-18</subfield>
    <subfield code="y">CD</subfield>
  </datafield>
  <datafield tag="952" ind1=" " ind2=" ">
    <subfield code="0">0</subfield>
    <subfield code="1">0</subfield>
    <subfield code="2">local</subfield>
    <subfield code="4">0</subfield>
    <subfield code="5">1</subfield>
    <subfield code="7">0</subfield>
    <subfield code="8">VE</subfield>
    <subfield code="a">IA_</subfield>
    <subfield code="b">IA_</subfield>
    <subfield code="d">2022-01-18</subfield>
    <subfield code="e">El autor</subfield>
    <subfield code="l">0</subfield>
    <subfield code="o">T.C.739 S26 IAI 2017</subfield>
    <subfield code="p">1106010534</subfield>
    <subfield code="r">2026-01-26 00:00:00</subfield>
    <subfield code="t">Ej.1</subfield>
    <subfield code="w">2022-01-18</subfield>
    <subfield code="y">VE</subfield>
  </datafield>
  <datafield tag="952" ind1=" " ind2=" ">
    <subfield code="0">0</subfield>
    <subfield code="1">0</subfield>
    <subfield code="2">local</subfield>
    <subfield code="4">0</subfield>
    <subfield code="7">0</subfield>
    <subfield code="8">VEE</subfield>
    <subfield code="a">IA_</subfield>
    <subfield code="b">IA_</subfield>
    <subfield code="c">E_L</subfield>
    <subfield code="d">2022-01-18</subfield>
    <subfield code="e">El autor</subfield>
    <subfield code="l">0</subfield>
    <subfield code="o">T.C.739 S26 IAI 2017</subfield>
    <subfield code="p">1206010534</subfield>
    <subfield code="r">2024-05-09 00:00:00</subfield>
    <subfield code="w">2024-05-09</subfield>
    <subfield code="y">VEE</subfield>
  </datafield>
</record>
